000 00634cab a22002175a 4500
001 L154310
008 111111e20111104xxk 000 0 eng d
035 _a(Sirsi) u154310
041 0 _aeng
100 1 _aFordham, Peter
245 0 0 _aCost model
_bsmall projects
260 _c2011
490 _aBuilding
_v276 (8702) 4 November 2011, 48-53(6)
520 _aIntroduction, market conditions, office fit-out, care home, affordable housing, and cost adjustments.
590 _aKA
651 4 _aUnited Kingdom
_y
690 _aBUILT ENVIRONMENT-BUILDING COSTS
700 1 _aHughes, Simon
700 1 _aDonlen, Paul
942 _n0
999 _c83569
_d83569